LEADER 00624nab a2200133 i 4500 001 000000327828 003 CaOOAMICUS 005 20180831173549.0 008 180831n it uu u0 0ita r 013 $a39420 040 $aSeMil$bita 245 12$aL'avete fatto a me... Borse di studio. Pastorale vocazionale. Convegno Operatori di Pastorale familiare. - In [rubrica] :$bLa Fiaccola ricorda. 773 0 $t[GENNAIO 1998]. - 32 p.$gp.32-[34]$w()290625 996 $6245$aL'avete fatto a me... Borse di studio. Pastorale vocazionale. Convegno Operatori di Pastorale familiare. - In [rubrica] :$bLa Fiaccola ricorda.$9(OLS)http://semarc/title/416436 LEADER 01095nam a2200277 i 4500 001 000000046110 003 CaOOAMICUS 005 20120224000000.0 008 120224s1989 it u000 u ita u 013 $a17280 020 $a88-05-05084-9 040 $aSeMil$bita 100 1 $aQuoist, Michel,$d<1921-1997>.$0(OLS)http://semarc/name/15215 240 10$aChemins de prières.$0(OLS)http://semarc/title/68809 245 10$aCammino di preghiera /$cMichel Quoist. 260 $aTorino :$bSocietà Editrice Internazionale,$ccopyr. 1989. 300 $a268 p. ;$c23 cm. 490 0 $aSEI. Religione 650 4$aPreghiera.$0(OLS)http://semarc/subject/1091 830 0$aSEI. Religione.$0(OLS)http://semarc/title/9840 850 $aSeMil 852 $aSeMil$W1$xVenegono$y1$m2C II 440$j12265$B12265$CSeMilBibl$Z2$F12265 $81 961 $aOmaggio: Conti Franco 996 $6020$a88-05-05084-9$9(OLS)http://semarc/number/18522 996 $6245$aCammino di preghiera$9(OLS)http://semarc/title/68808 996 $6260$aTorino :$bSocietà Editrice Internazionale$9(OLS)http://semarc/publisher/29847